000 00373nam a2200157Ia 4500
008 210716s1989 xx 000 0 und d
020 _a71003800
041 _aeng
082 _a004.68 KEIG
100 _aKeiser, Gerd E.
245 _aLocal area network.
250 _a1
260 _aNew York
_bMc Graw Hill Book Company
_c1989
300 _axvii,420
650 _aNone
999 _c181779
_d181779